Movies Quiz

Random Movies or Animal Quiz

Click the Animal in the Movie Quotes Quiz Stats

 Plays Quiz Updated Jun 8, 2017

Support Sporcle.
Go Orange.
Score 0/20 Timer 05:00
0 Plays Today
% Correct
Lions
93.6%
Dogs
91.6%
Rabbit
90.9%
Snakes
90.3%
Mouse
89.3%
Cow
86.5%
Gopher
85.2%
Antelope
83.1%
Tiger
82%
Fishes
81.7%
% Correct
Raccoon
81.2%
Toad
79.9%
Monkey
76.8%
Birds
74.3%
Tasmanian Devil
74.2%
Crab
70.8%
Pony
67.8%
Bear
66.5%
Ants
66.2%
Cat
64.3%

You're not logged in!

Compare scores with friends on all Sporcle quizzes.
OR
Log In
Forgot?

From the Vault

Movie Cast Match (1989)

by MasterKGlas

Do kids today even know what a boombox is?
Remove Ads.
Support Sporcle.
Get the best of Sporcle when you Go Orange. This ad-free experience offers more features, more stats, and more fun while also helping to support Sporcle. Thank you for becoming a member.

Show Comments

Extras

Top Quizzes Today


Score Distribution

Your Account Isn't Verified!

In order to create a playlist on Sporcle, you need to verify the email address you used during registration. Go to your Sporcle Settings to finish the process.

Report this User

Report this user for behavior that violates our Community Guidelines.

Details: